000 00510nam a2200193Ia 4500
999 _c5677
_d5677
003 0100
008 130227s9999 xx 000 0 und d
040 _cARRUPELIB
050 _aB1674.W285
100 _aWarnock, Geoffrey James
_922427
245 _aMorality and language
_c Geoffrey Warnock
260 _aOxford
260 _bBasil Blackwell
_a1983
_cOxford
300 _a217p.
_b
300 _b 24cm.
650 _aPhilosophy
_922428
650 _aLanguage and Languages
_xPhilosophy
_922429
942 _2lcc
_cMONOGRAPH